00849nam a2200217 i 4500001000300000100002600003245011300029260010400142300003400246490002100280504002400301650005800325830002100383020002200404020002100426040000800447041001100455080002600466008004100492856009800533bg1 aCROMBRUGGHE, Alain de10aBudżet państwa - jego stabilizacja i trwałość /cAlain de Crombrugghe ; [przekład zespół tł.]. aWarszawa :bWydaw. Naukowe PWN :bCentrum Analiz Społeczno-Ekonomicznych. Fundacja Naukowa,c1995. a89, [1] s. :bwykr. ;c21 cm.1 aW Stronę Rynku aBibliogr. s. 76-78. 9aBudżet państwowyxzagadnieniazPolskayod 1989 r. aW Stronę Rynku a8386296097 (CASE) a8301116765 (PWN) cBPK1 aplhen a336.14(438)"1989/..." s pl f |000 0 pol  uhttp://koha.tu.koszalin.pl/cgi-bin/koha/opac-detail.pl?biblionumber=30963yKatalog online BPK